Country Logic Puzzle 4x4 – Sudoku style - Statistics

General Stats
  • This quiz has been taken 28,155 times
  • The average score is 12 of 16
Answer Stats
Answer % Correct
Burma
92%
Egypt
92%
Taiwan
84%
Fiji
78%
Peru
78%
Chile
76%
Oman
74%
Mali
72%
Nauru
70%
Guyana
69%
Uruguay
68%
Tuvalu
66%
Uganda
66%
Vanuatu
66%
Vietnam
64%
Tunisia
57%
No matching quizzes found
Score Distribution
Percent of People with Each Score
Percentile by Number Answered
Your Score History
You have not taken this quiz